Time is marketing: holidays and other observances

Sezónny marketing ako stratégia využívania ročných období a vytvárania špeciálnych ponúk pre zákazníka.

Salvato in:
Dettagli Bibliografici
Autore principale: Štrach, Pavel
Natura: Capitolo di libro
Lingua:inglese
Soggetti:
Tags: Aggiungi Tag
Nessun Tag, puoi essere il primo ad aggiungerne!!

MARC

LEADER 00000naa a2200000 4500
001 0222005
005 20220722103825.7
041 0 |a eng 
044 |a SK 
245 1 0 |a Time is marketing: holidays and other observances  |c Pavel Štrach 
520 |a Sezónny marketing ako stratégia využívania ročných období a vytvárania špeciálnych ponúk pre zákazníka. 
610 2 0 |a marketing 
610 2 0 |a stratégia marketingová 
610 2 0 |a spotrebitelia 
610 2 0 |a inovácia 
610 2 0 |a spokojnosť zákazníkov 
610 2 0 |a sviatok štátny 
100 1 |a Štrach, Pavel